|
|
|
|
| LEADER |
01177ppm a22002658a 4500 |
| 001 |
00046404 |
| 005 |
20210127090131.0 |
| 008 |
170228s2013 ||||||Viesd |
| 041 |
0 |
# |
|a Vie
|
| 082 |
1 |
4 |
|a 495.922
|b H452TH
|
| 100 |
1 |
# |
|a Nguyễn, Kim Sơn
|
| 245 |
0 |
0 |
|a Hội thoại của học sinh trong giờ ra chơi ở trường Trung học cơ sở Kim Hồng
|b Luận văn thạc sĩ Ngữ văn Chuyên ngành: ngôn ngữ Việt Nam. Mã số: 8.22.01.02
|c Nguyễn Kim Sơn ; Hoàng Quốc (hướng dẫn)
|
| 260 |
# |
# |
|b Đại học Đồng Tháp
|c 2020
|a Đồng Tháp
|
| 300 |
# |
# |
|a 83 tr. + phụ lục
|c 30 cm.
|e 1 bản tóm tắt
|
| 500 |
# |
# |
|a ĐTTS ghi: Bộ giáo dục và đào tạo. Trường Đại học Đồng Tháp
|
| 653 |
# |
# |
|a Giao tiếp
|
| 653 |
# |
# |
|a Đồng Tháp
|
| 653 |
# |
# |
|a Trung học cơ sở
|
| 653 |
# |
# |
|a Học sinh
|
| 653 |
# |
# |
|a Hội thoại
|
| 653 |
# |
# |
|a Luận văn
|
| 700 |
1 |
# |
|a Hoàng, Quốc
|e Hướng dẫn
|
| 852 |
# |
# |
|j LV.0002105
|
| 910 |
# |
# |
|d 26/01/2021
|
| 980 |
# |
# |
|a Trung tâm Học liệu Lê Vũ Hùng, Trường Đại học Đồng Tháp
|